000 00458nam a2200181Ia 4500
001 16070
005 20260306170242.0
008 260306t2003||||xx |||||||||||||| ||und||
041 _aESP
082 _a346.6
_bG22
100 _aGarcía, Francisco
_eAUT
245 0 _aTratado utilísimo y muy general de todos los contratos:
_b1583
260 _c2003
300 _a567 páginas :
_c24 cm.
650 _aGEN
654 _aCDE
942 _cLIB
_dJUS
_fJUS
_2ddc
_n
999 _c16070
_d16070